000 00589nam a22002297a 4500
003 UA-OsUOA
001 91890
007 ta
008 20121206b un ||||| |||| 00| 0 ukr d
100 _aФальківський Д.
090 _a821.161.2
_bФ19
942 _cBK
040 _aUA-OsUOA
_bukr
_cUA-OsUOA
_dUA-OsUOA
245 _aПоезії
300 _a175 с.
955 _a3
041 _aukr
080 _a821.161.2
260 _aК.
_bРад. письменник
_c1989
650 7 _a82 Література. Літературознавство
_2UDC
999 _c378147
_d378147